Загадки с подвохом - Statistics

General Stats
  • This quiz has been taken 13 times
  • The average score is 1 of 15
Answer Stats
Загадка Отгадка % Correct
Жидкое, а не вода, белое, а не снег молоко ;)
67%
Наведёт стеклянный глаз, щёлкнет раз - и помним вас снайпер / киллер
33%
Каких камней ни в одном море не сыщешь? почечных
8%
Зимой и летом одним цветом всё, что промышленно окрашено
0%
Без окон, без дверей полна горница людей братская могила
0%
Сто одёжек - и все без застёжек гардероб Флинстоунов
0%
Не лает, не кусает, а в дом не пускает спящий вахтёр
0%
Висит груша - нельзя скушать можно
0%
Кругом - вода, а с питьём - беда прорыв канализации
0%
Зубов много, а ничего не ест внучка, по мнению её бабушки
0%
Если б не было его, не сказал бы ничего адвокат
0%
Кто приходит, кто уходит - все её за ручку водят эскортница
0%
Тебе дано, а люди им пользуются добродушие
0%
В синем небе голосок - будто крохотный звонок оглушение рядом с местом взрыва
0%
Вчера было, сегодня есть и завтра будет приближение смерти
0%
No matching quizzes found
Score Distribution
Percent of People with Each Score
Percentile by Number Answered
Your Score History
You have not taken this quiz